[Event "Sochi Archibald op 1st"]
[Site "Sochi"]
[Date "2019.05.15"]
[Round "5"]
[White "Najdin, Danil"]
[Black "Kiriushin, Vladimir"]
[Result "1-0"]
[WhiteElo "2314"]
[BlackElo "2041"]
[PlyCount "83"]
[EventDate "2019.05.12"]
[EventType "swiss"]
[EventRounds "9"]
[EventCountry "RUS"]
[SourceTitle "CBM 190 Extra"]
[Source "ChessBase"]
[SourceDate "2019.07.15"]
[SourceVersion "1"]
[SourceVersionDate "2019.07.15"]
[SourceQuality "1"]

1. d4 Nf6 2. c4 e6 3. Nc3 d5 4. Bg5 Nbd7 5. e3 Be7 6. Bd3 dxc4 7. Bxc4 b6 8. Qf3 Rb8 9. Qe2 Bb7 10. Nf3 0-0 11. 0-0 Ne4 12. Bf4 Nxc3 13. bxc3 Bd6 14. Bg5 Be7 15. Bxe7 Qxe7 16. a4 e5 17. a5 Ra8 18. a6 Bxf3 19. Qxf3 e4 20. Qf4 Nf6 21. Rfd1 Rad8 22. h3 Rd6 23. Bb3 Nd5 24. Qe5 Qe6 25. c4 Nc3 26. Qxe6 fxe6 27. Rd2 b5 28. c5 Rc6 29. Rc1 Nd5 30. Ra1 Kf7 31. Rb2 Rb8 32. Bc2 Nf6 33. g4 h6 34. Ra5 Ke7 35. Ba4 Nd5 36. Rbxb5 Rbb6 37. cxb6 cxb6 38. Rxd5 Rc1+ 39. Kg2 bxa5 40. Rd7+ Kf6 41. Rxa7 Ra1 42. Be8 1-0

[Event "Sochi Archibald op 1st"]
[Site "Sochi"]
[Date "2019.05.14"]
[Round "3"]
[White "Kiriushin, Vladimir"]
[Black "Novikov, Evgenij"]
[Result "0-1"]
[WhiteElo "2041"]
[BlackElo "2148"]
[PlyCount "76"]
[EventDate "2019.05.12"]
[EventType "swiss"]
[EventRounds "9"]
[EventCountry "RUS"]
[SourceTitle "CBM 190 Extra"]
[Source "ChessBase"]
[SourceDate "2019.07.15"]
[SourceVersion "1"]
[SourceVersionDate "2019.07.15"]
[SourceQuality "1"]

1. c4 c6 2. e4 d5 3. exd5 cxd5 4. cxd5 Nf6 5. Nc3 g6 6. Bb5+ Nbd7 7. d4 Bg7 8. Nge2 0-0 9. Nf4 a6 10. Be2 b5 11. Bf3 Bb7 12. 0-0 Ra7 13. Be3 Nb6 14. Qb3 Ba8 15. Rad1 Rd7 16. a4 bxa4 17. Nxa4 Nxa4 18. Qxa4 Qb6 19. Nd3 Bxd5 20. Bxd5 Rxd5 21. Nc5 Qb5 22. Qxb5 axb5 23. b4 Rdd8 24. Rb1 Nd5 25. Rfc1 Nb6 26. Nb3 Nc4 27. Na5 Nxe3 28. fxe3 f5 29. g3 g5 30. Nc6 Rd7 31. Rc5 f4 32. Kf2 e5 33. Nxe5 Ra7 34. gxf4 gxf4 35. Rb2 Ra3 36. e4 Rh3 37. Kf1 Re3 38. Re2 Rb3 0-1

[Event "Sochi Archibald op 1st"]
[Site "Sochi"]
[Date "2019.05.13"]
[Round "2"]
[White "Maltsevskaya, Aleksandra"]
[Black "Kiriushin, Vladimir"]
[Result "1/2-1/2"]
[WhiteElo "2299"]
[BlackElo "2041"]
[PlyCount "130"]
[EventDate "2019.05.12"]
[EventType "swiss"]
[EventRounds "9"]
[EventCountry "RUS"]
[SourceTitle "CBM 190 Extra"]
[Source "ChessBase"]
[SourceDate "2019.07.15"]
[SourceVersion "1"]
[SourceVersionDate "2019.07.15"]
[SourceQuality "1"]

1. e4 e6 2. d4 d5 3. Nc3 Nf6 4. Bg5 Be7 5. e5 Nfd7 6. h4 h6 7. Bxe7 Qxe7 8. Qg4 0-0 9. 0-0-0 c5 10. Nf3 cxd4 11. Nb5 Nc6 12. Qh5 f6 13. Nbxd4 Ndxe5 14. Nxc6 Nxc6 15. Bd3 f5 16. g4 Qf7 17. Qxf7+ Rxf7 18. gxf5 e5 19. c4 Bxf5 20. cxd5 Bxd3 21. Rxd3 e4 22. Re3 Rxf3 23. dxc6 Rc8 24. Rxf3 exf3 25. Kd2 Rxc6 26. Ke3 Rc2 27. Rb1 g6 28. Kxf3 Kf7 29. Kg3 Kf6 30. a4 b6 31. b4 Ra2 32. a5 bxa5 33. b5 Ra3+ 34. f3 h5 35. Rc1 Rb3 36. Rc5 a4 37. Rc6+ Kf5 38. Rc5+ Ke6 39. Rc6+ Kf5 40. Ra6 Rxb5 41. Rxa7 Rb4 42. Ra6 Rc4 43. Ra5+ Ke6 44. Ra6+ Kf5 45. Rb6 a3 46. Rb5+ Ke6 47. Ra5 Rc3 48. Kf4 Rc4+ 49. Kg5 Rc3 50. Ra6+ Kd7 51. Ra7+ Kc6 52. Kxg6 Rxf3 53. Kxh5 Kb6 54. Ra8 Rf5+ 55. Kg6 Ra5 56. Rb8+ Kc5 57. Rb1 a2 58. Ra1 Kb4 59. h5 Kb3 60. h6 Ra6+ 61. Kg7 Ra7+ 62. Kg6 Ra6+ 63. Kg5 Ra5+ 64. Kg4 Ra4+ 65. Kg5 Ra5+ 1/2-1/2

[Event "Sochi ChessAmateur op10"]
[Site "Sochi"]
[Date "2018.10.14"]
[Round "4"]
[White "Makarenko, Alexandra"]
[Black "Kiriushin, Vladimir"]
[Result "1-0"]
[WhiteElo "2233"]
[BlackElo "2067"]
[PlyCount "39"]
[EventDate "2018.10.12"]
[EventType "swiss"]
[EventRounds "9"]
[EventCountry "RUS"]
[SourceTitle "CBM 187 Extra"]
[Source "ChessBase"]
[SourceDate "2018.11.04"]
[SourceVersion "1"]
[SourceVersionDate "2018.11.04"]
[SourceQuality "1"]

1. e4 c6 2. d4 d5 3. Nc3 dxe4 4. Nxe4 Nd7 5. c4 Ngf6 6. Nc3 Nb6 7. Nf3 Bg4 8. Be3 e6 9. h3 Bf5 10. g4 Be4 11. g5 Bxf3 12. Qxf3 Ng8 13. d5 cxd5 14. cxd5 e5 15. Bxb6 Qxb6 16. Bb5+ Ke7 17. d6+ Ke6 18. Qd5+ Kf5 19. Bd7+ Kxg5 20. Rg1+ 1-0

[Event "Sochi ChessAmateur op"]
[Site "Sochi"]
[Date "2018.04.04"]
[Round "6"]
[White "Kiriushin, Vladimir"]
[Black "Bikchentaev, Farit Kharulovich"]
[Result "1-0"]
[WhiteElo "2094"]
[BlackElo "1782"]
[PlyCount "61"]
[EventDate "2018.04.01"]
[EventType "swiss"]
[EventRounds "9"]
[EventCountry "RUS"]
[SourceTitle "CBM 184 Extra"]
[Source "ChessBase"]
[SourceDate "2018.06.28"]
[SourceVersion "1"]
[SourceVersionDate "2018.06.28"]
[SourceQuality "1"]

1. c4 Nf6 2. Nc3 e6 3. Nf3 d5 4. e3 c6 5. d4 Nbd7 6. Qc2 Bb4 7. Bd2 Bxc3 8. Bxc3 0-0 9. Bd3 dxc4 10. Bxc4 Nb6 11. Bd3 Nbd5 12. Bd2 Ne7 13. Ne5 Ng6 14. f4 Qd5 15. 0-0 Nh4 16. Be1 Nf5 17. Bf2 Nd6 18. Bh4 Nfe4 19. Be7 Re8 20. Bxd6 Nxd6 21. Bxh7+ Kf8 22. Bd3 Nf5 23. Qf2 Qd6 24. g4 Ne7 25. Qh4 Ng8 26. Qh5 Qc7 27. g5 Re7 28. Qh8 Bd7 29. Bh7 Ree8 30. Qxg8+ Ke7 31. Qxg7 1-0

[Event "RUS-chT Seniors"]
[Site "Sochi"]
[Date "2017.05.07"]
[Round "7.1"]
[White "Kiriushin, Vladimir"]
[Black "Sveshnikov, Evgeny"]
[Result "0-1"]
[WhiteElo "2170"]
[BlackElo "2503"]
[PlyCount "166"]
[EventDate "2017.05.01"]
[EventType "team-tourn"]
[EventRounds "10"]
[EventCountry "RUS"]
[SourceTitle "CBM 178 Extra"]
[Source "ChessBase"]
[SourceDate "2017.06.22"]
[SourceVersion "1"]
[SourceVersionDate "2017.06.22"]
[SourceQuality "1"]

1. c4 e6 2. Nc3 d5 3. d4 c6 4. e4 dxe4 5. Nxe4 Bb4+ 6. Bd2 Qxd4 7. Bxb4 Qxe4+ 8. Be2 Na6 9. Ba3 c5 10. Nf3 Bd7 11. 0-0 Bc6 12. Re1 Rd8 13. Qb3 Nf6 14. Bf1 Qf4 15. Ne5 Ng4 16. Nxg4 Qxg4 17. Qc3 0-0 18. b3 Rfe8 19. Bb2 f6 20. a3 b6 21. b4 Bb7 22. Re3 e5 23. Rae1 Rd6 24. h3 Qg6 25. Rg3 Qf7 26. Bc1 Kh8 27. Rd3 Red8 28. Red1 Qe7 29. Rxd6 Rxd6 30. Rxd6 Qxd6 31. Qd2 Qxd2 32. Bxd2 Kg8 33. Bd3 Kf7 34. f3 Nc7 35. Kf2 Ne6 36. Ke3 g6 37. Bc3 Nf4 38. Bf1 g5 39. bxc5 bxc5 40. Ba5 Ke7 41. Bc7 h5 42. Bb8 a6 43. Ba7 Kd6 44. Bb6 Ne6 45. Bd3 h4 46. Ba5 Nf4 47. Bf1 f5 48. Bd8 Ne6 49. Bf6 e4 50. fxe4 Bxe4 51. Kf2 Kd7 52. Be2 Ke8 53. Bh5+ Kf8 54. Be2 Kf7 55. Be5 Nf4 56. Bf1 Ke6 57. Bc7 Ng6 58. Ba5 Ne7 59. Be2 Kd7 60. Bb6 Ng6 61. Bxc5 Nf4 62. Be3 Nxe2 63. Kxe2 f4 64. Bd4 Bxg2 65. Bf6 g4 66. Bxh4 g3 67. Kd3 Ke6 68. Kd4 Kf5 69. c5 Bc6 70. Kd3 Ke5 71. Ke2 Ke4 72. Kf1 a5 73. Kg1 a4 74. Kf1 Bd5 75. Kg1 Kd3 76. Kf1 Kc2 77. Bxg3 fxg3 78. h4 Bf3 79. h5 Bxh5 80. Kg2 Kb3 81. c6 Be8 82. c7 Bd7 83. Kxg3 Kxa3 0-1

[Event "RUS-chT Seniors"]
[Site "Sochi"]
[Date "2017.05.06"]
[Round "6.2"]
[White "Akhmadeev, Valery Rimovich"]
[Black "Kiriushin, Vladimir"]
[Result "1/2-1/2"]
[WhiteElo "2079"]
[BlackElo "2170"]
[PlyCount "119"]
[EventDate "2017.05.01"]
[EventType "team-tourn"]
[EventRounds "10"]
[EventCountry "RUS"]
[SourceTitle "CBM 178 Extra"]
[Source "ChessBase"]
[SourceDate "2017.06.22"]
[SourceVersion "1"]
[SourceVersionDate "2017.06.22"]
[SourceQuality "1"]

1. d4 Nf6 2. c4 c6 3. Nc3 d5 4. Nf3 dxc4 5. a4 e6 6. e3 Bb4 7. Bxc4 Nbd7 8. 0-0 Qc7 9. h3 0-0 10. Qb3 a5 11. Bd2 e5 12. Rac1 exd4 13. exd4 Nb6 14. Bd3 Be6 15. Qc2 h6 16. b3 Rad8 17. Rfd1 Rfe8 18. Nb1 Nbd5 19. Bc4 Nf4 20. Be3 Bxh3 21. gxh3 Nxh3+ 22. Kg2 Nf4+ 23. Kf1 Qd7 24. Bxf4 Qh3+ 25. Kg1 Qxf3 26. Bg3 Ng4 27. Nd2 Bxd2 28. Qxd2 Ne3 29. Bf1 Nxd1 30. Qxd1 Qxd1 31. Rxd1 Re4 32. Bc7 Rd5 33. f3 Rexd4 34. Rxd4 Rxd4 35. Bxa5 Kf8 36. Kf2 h5 37. Bc3 Rd5 38. Bc4 Rg5 39. Bd2 Rg6 40. Bd3 Re6 41. Bb4+ Kg8 42. Bf5 Re8 43. Be4 g6 44. Bd3 Kg7 45. a5 f6 46. Bc5 Re5 47. b4 g5 48. a6 bxa6 49. Bxa6 Kf7 50. Bb7 Re6 51. Bc8 f5 52. Bxe6+ Kxe6 53. f4 gxf4 54. Kf3 Kd5 55. Kxf4 h4 56. Be7 Kc4 57. Kf3 Kc3 58. Kg2 f4 59. Bd6 Kc4 60. Kf3 1/2-1/2

[Event "Belorechensk Seniors op"]
[Site "Belorechensk"]
[Date "2013.02.17"]
[Round "5"]
[White "Kiriushin, Vladimir"]
[Black "Pushkov, Nikolai"]
[Result "0-1"]
[WhiteElo "2151"]
[BlackElo "2352"]
[PlyCount "106"]
[EventDate "2013.02.13"]
[EventType "swiss"]
[EventRounds "9"]
[EventCountry "RUS"]
[SourceTitle "CBM 153 Extra"]
[Source "ChessBase"]
[SourceDate "2013.04.22"]
[SourceVersion "1"]
[SourceVersionDate "2013.04.22"]
[SourceQuality "1"]

1. e4 e6 2. d4 d5 3. exd5 exd5 4. Nf3 Nf6 5. Bd3 c5 6. 0-0 c4 7. Re1+ Be7 8. Bf1 0-0 9. b3 cxb3 10. axb3 Nc6 11. Ne5 Bf5 12. Nxc6 bxc6 13. Bg5 h6 14. Bh4 Re8 15. Nd2 Qb6 16. Nf3 a5 17. h3 g5 18. Bg3 Ne4 19. Bd3 Bb4 20. Re3 Nxg3 21. Rxe8+ Rxe8 22. fxg3 Be4 23. Kh2 Bc3 24. Rb1 Bxd4 25. Nxd4 Qxd4 26. Qg4 Qf2 27. Bxe4 dxe4 28. Qd7 Re6 29. Qd8+ Kg7 30. Qxa5 Qxc2 31. Qa1+ f6 32. Rb2 Qc5 33. b4 Qd4 34. Rb1 Qxa1 35. Rxa1 f5 36. Rc1 Kf6 37. Kg1 Ke5 38. Rc5+ Kd4 39. Rxf5 Kc4 40. Kf2 e3+ 41. Ke2 Kxb4 42. h4 gxh4 43. gxh4 c5 44. g4 c4 45. g5 hxg5 46. hxg5 c3 47. Rf8 Rc6 48. Rf1 c2 49. Kxe3 c1Q+ 50. Rxc1 Rxc1 51. Kf4 Kc5 52. Ke5 Rg1 53. Kf6 Kd6 0-1

[Event "Belorechensk Sarkisov Memorial op"]
[Site "Belorechensk"]
[Date "2012.05.30"]
[Round "8"]
[White "Cheriabkina, Anastasia"]
[Black "Kiriushin, Vladimir"]
[Result "0-1"]
[WhiteElo "1772"]
[BlackElo "2173"]
[PlyCount "80"]
[EventDate "2012.05.23"]
[EventType "swiss"]
[EventRounds "9"]
[EventCountry "RUS"]
[SourceTitle "CBM 148 Extra"]
[Source "ChessBase"]
[SourceDate "2012.06.22"]
[SourceVersion "1"]
[SourceVersionDate "2012.06.22"]
[SourceQuality "1"]

1. d4 Nf6 2. c4 e6 3. Nc3 Bb4 4. Bd2 0-0 5. Nf3 b6 6. e3 Bb7 7. Be2 Re8 8. 0-0 d5 9. a3 Bf8 10. Rc1 c5 11. Qb3 dxc4 12. Qxc4 Nc6 13. dxc5 Bxc5 14. b4 Bd6 15. Qb3 Rc8 16. Rfe1 Qe7 17. Nb5 Bb8 18. Nbd4 Ne4 19. Qb2 Qf6 20. Bc3 Ne5 21. Rf1 Nxc3 22. Rxc3 Nxf3+ 23. Bxf3 Bxf3 24. Rxc8 Rxc8 25. gxf3 e5 26. Rc1 Re8 27. Nc6 Bd6 28. Qd2 Re6 29. Nxa7 Qxf3 30. Rc8+ Bf8 31. Qd8 h5 32. Qxf8+ Kh7 33. Qh8+ Kg6 34. Qd8 Rf6 35. Rc2 Kh7 36. Qd7 h4 37. Qd3+ e4 38. Qd4 Rg6+ 39. Kf1 h3 40. Nc6 Rg1+ 0-1